LEADER 01202nam2-2200385---450- 001 990003390250203316 005 20150123130021.0 010 $a978-1-60761-057-1 035 $a000339025 035 $aUSA01000339025 035 $a(ALEPH)000339025USA01 035 $a000339025 100 $a20100422d2010----km-y0itay50------ba 101 $aeng 102 $aUS 105 $aa---||||001yy 200 1 $aMouse models for drug discovery$emethods and protocols$fedited by Gabriele Proetzel, Michael V. Wiles 210 $aNew York$cHumana Press$d2010 215 $aXII, 421 p.$d24 cm 225 2 $aMethods in molecular biology$v602 410 0$1001000336582$aMethods in molecular biology$v, 602 606 0 $aTopi$xRicerca sperimentale$2BNCF 606 0 $aDroghe$xEffetti fisiologici 676 $a636.0885 702 1$aPROETZEL,$bGabriele 702 1$aWILES,$bMichael 801 0$aIT$bsalbc$gISBD 912 $a990003390250203316 951 $a616.0885 MOU$b5355 Farm.$c616$d00257641 959 $aBK 969 $aFAR 979 $aPAOLA$b90$c20100422$lUSA01$h1434 979 $aPATRY$b90$c20150123$lUSA01$h1300 996 $aMouse models for drug discovery$91126917 997 $aUNISA